Same Word, Different Movies IV Quiz Stats

Quiz Updated Aug 27, 2017

Challenge
Share
Tweet
Embed
Score 0/48 Timer 09:00
0 Plays Today
Word Movies % Correct
BrothersThe Blues Brothers
84.1%
BrothersStep Brothers
82.3%
GoneGone with the Wind
82.2%
GoneGone Girl
82.2%
GhostGhost Rider
81.1%
TrueTrue Lies
80.2%
FearCape Fear
79.8%
HourRush Hour
77.2%
RedThe Hunt for Red October
74%
HouseAnimal House
71%
TrueTrue Grit
66.9%
LittleLittle Nicky
62.2%
WayCarlito's Way
62.2%
HouseRoad House
62.1%
DeathDeath Becomes Her
57.7%
FearFear and Loathing in Las Vegas
57.5%
GoneGone Baby Gone
57.1%
GoneGone in 60 Seconds
54.5%
LittleLittle Miss Sunshine
52.8%
HourOne Hour Photo
51.7%
WayWay of the Dragon
50.5%
BrothersFour Brothers
47.3%
DeathDeath Wish
46.6%
LittleLittle Fockers
45.4%
Word Movies % Correct
GhostGhost in the Shell
44.6%
BlueBlue Velvet
44.3%
BrothersThe Brothers Grimm
37.5%
TrueTrue Romance
35.9%
DeathDeath Race
34.5%
WayThe Way We Were
34.2%
FearPrimal Fear
31.4%
BlueBlue Crush
29.3%
RedRed Riding Hood
28.3%
GhostGhost World
27.8%
DeathDeath Proof
27.7%
BlueBlue Valentine
26.9%
RedRed Eye
21.4%
RedThe Thin Red Line
20.9%
BlueInto the Blue
20%
HouseSafe House
19.9%
WayJingle All the Way
17.7%
HouseHouse of Sand and Fog
17.6%
Hour25th Hour
17.2%
GhostThe Ghost and the Darkness
15.8%
LittleLittle Children
13.8%
TrueTrue Crime
12.1%
Hour24 Hour Party People
5.1%
FearThe Wages of Fear
4.2%

You're not logged in!

Compare scores with friends on all Sporcle quizzes.
Sign Up with Email
OR
Log In

You Might Also Like...

Show Comments

Extras

Top Quizzes Today


Score Distribution

Your Account Isn't Verified!

In order to create a playlist on Sporcle, you need to verify the email address you used during registration. Go to your Sporcle Settings to finish the process.